[Event "Berlin-ch Seniors op 30th"]
[Site "Berlin"]
[Date "2014.01.30"]
[Round "1"]
[White "Burkert, Wolfgang"]
[Black "Kolkwitz, Klaus"]
[Result "0-1"]
[WhiteElo "1345"]
[BlackElo "1720"]
[PlyCount "48"]
[EventDate "2014.01.30"]
[EventType "swiss"]
[EventRounds "9"]
[EventCountry "GER"]
[SourceTitle "EXT 2018"]
[Source "ChessBase"]
[SourceDate "2017.10.13"]
[SourceVersion "1"]
[SourceVersionDate "2017.10.13"]
[SourceQuality "1"]

1. e4 d6 2. d4 g6 3. Nc3 Nf6 4. Nf3 Bg7 5. Bc4 0-0 6. Be3 c6 7. h3 d5 8. exd5 cxd5 9. Bb3 Nc6 10. Qd2 Na5 11. Bg5 Nxb3 12. axb3 Ne4 13. Qe3 Nxg5 14. Qxg5 e6 15. Qxd8 Rxd8 16. 0-0 Bd7 17. Rfe1 a6 18. Ne5 Rac8 19. Rac1 Bf8 20. Na4 Bxa4 21. bxa4 Bh6 22. Rb1 Rxc2 23. Rf1 Rdc8 24. Ng4 Bg7 0-1